<?xml version="1.0" encoding="UTF-8"?>
<record
    xmlns:xsi="http://www.w3.org/2001/XMLSchema-instance"
    xsi:schemaLocation="http://www.loc.gov/MARC21/slim http://www.loc.gov/standards/marcxml/schema/MARC21slim.xsd"
    xmlns="http://www.loc.gov/MARC21/slim">

  <leader>01341nam a2200169 a 4500</leader>
  <datafield tag="999" ind1=" " ind2=" ">
    <subfield code="c">2261</subfield>
    <subfield code="d">2261</subfield>
  </datafield>
  <controlfield tag="005">20200220100220.0</controlfield>
  <controlfield tag="008">160527c        ag ||||| |||| 00|  0spa d</controlfield>
  <datafield tag="022" ind1=" " ind2=" ">
    <subfield code="2">03262383</subfield>
  </datafield>
  <datafield tag="245" ind1=" " ind2=" ">
    <subfield code="a">Latin American Journal of Pharmacy</subfield>
    <subfield code="b">formely Acta Farmaceutica Bonaerense</subfield>
  </datafield>
  <datafield tag="260" ind1=" " ind2=" ">
    <subfield code="a">La Plata</subfield>
    <subfield code="b">Colegio de Farmaceuticos de la Provincia de Buenos Aires</subfield>
  </datafield>
  <datafield tag="300" ind1=" " ind2=" ">
    <subfield code="a">v.</subfield>
  </datafield>
  <datafield tag="310" ind1=" " ind2=" ">
    <subfield code="a">Mensual</subfield>
  </datafield>
  <datafield tag="546" ind1=" " ind2=" ">
    <subfield code="a">Ingles</subfield>
  </datafield>
  <datafield tag="590" ind1=" " ind2=" ">
    <subfield code="a">Existencias
1982 1(1,2); 1983 2(1,2); 1984 3(1,2); 1985 4(1,2); 1986 5(1,2); 1987 6(1,2,3); 1988 7(1,2,3); 1989 8(1,2,3); 1990 9(1,2,3); 1991 10(1,2,3); 1992 11(1,2,3); 1993 12(1,2,3); 1994 13(1,3); 1995 14(1,2,3,4); 1996 15(1,2,3,4); 1997 16(1,2,3); 1998 17(1,2,3,4); 1999 18(1,2); 2000 19(1,2,3,4); 2001 20(1,2,3,4); 2002 21(1,2,3); 2003 22(1,3,4); 2004 23(1-4); 2005 24(1,2,3,4); 2006 25(2,3,4); 2007 26(1,2,3,4); 2008 27(1,3,4,5,6); 2009 28(1,2,3,5,6); 2010 29(1-8); 2011 30(1-10); 2012 31(1-10); 2013 32(1-10); 2014 33(1-10); 2015 34(1-9); 
2016 35(4,5,6,9,10 suppl.1,7,8); 2017 36(1,2,3,5,6,11,12) 2018 37(1,2,3,4,5,6,9,10,11,12); 2019 38(1,2,3,5,6,7,8,9,10,11)


A&#xF1;o 1982 al 2008 BAJA EN DEPOSITO (a&#xF1;o 2008 no encontrado en el estante, Junio 2019)
1982 A1984 y de 1988 a 2005 (caja 27) JUNIO 2019
2006, 2007 y 2009 BAJA DEPOSITO (CAJA 27) JUNIO 2019</subfield>
  </datafield>
  <datafield tag="856" ind1=" " ind2=" ">
    <subfield code="u">www.latamjpharm.org/</subfield>
  </datafield>
  <datafield tag="942" ind1=" " ind2=" ">
    <subfield code="2">ddc</subfield>
    <subfield code="c">CR</subfield>
  </datafield>
</record>
